Noms de villes belges en néerlandais - Statistiques

Statistiques générales
  • Ce quiz a été pris 517 fois
    513 depuis la dernière actualisation
  • Le résultat moyen est 11 sur 20
Statistiques - réponses
Français Néerlandais % Correct
Bruxelles Brussel
98%
Anvers Antwerpen
91%
Gand Gent
88%
Louvain Leuven
87%
Bruges Brugge
85%
Liège Luik
74%
Courtrai Kortrijk
71%
Namur Namen
68%
Mons Bergen
58%
Saint-Nicolas Sint-Niklaas
58%
Malines Mechelen
54%
Arlon Aarlen
45%
Tournai Doornik
45%
Alost Aalst
44%
Ypres Ieper
33%
Nivelles Nijvel
28%
Huy Hoei
17%
Grammont Geraardsbergen
16%
Braine-le-Comte ’s-Gravenbrakel
13%
Soignies Zinnik
13%
Aucun quiz correspondant
Distribution des résultats
% des personnes avec chaque résultat
Percentile par nombre de réponses
Votre historique - résultats
Vous n’avez pas pris ce quiz depuis la dernière actualisation